| 000 | 00652nam a2200121Ia 4500 | ||
|---|---|---|---|
| 008 | 220615s9999||||xx |||||||||||||| ||und|| | ||
| 245 | 0 |
_aCoastal Lagoons in Europe _bIntegrated Water Resource Strategies |
|
| 546 | _aEnglish[eng] | ||
| 650 | _acoastel lagoons||integrated management||europe||Drainage basin||Mar Menor||Tylihul Estuary||Vistula Lagoon | ||
| 700 | _aStalnacke, Per||I. Lillebø, Ana||D. Gooch, Geoffrey | ||
| 856 | _uhttps://library.oapen.org/bitstream/20.500.12657/31044/1/640160.pdf||https://library.oapen.org/bitstream/20.500.12657/31044/1/640160.pdf||https://library.oapen.org/bitstream/20.500.12657/31044/1/640160.pdf | ||
| 942 | _cEB | ||
| 999 |
_c17103 _d17103 |
||